000 00586nam a2200193Ia 4500
005 20250820154326.0
008 008 250516s9999 xx 000 0 hin d
020 _a9789392380464
040 _beng
_cSDCL
041 _ahin
_2hin
084 _aO152,3N21:g, R3
100 _aMadhuresh, Ed.
245 0 _aFanishwernath Renu Aur Markswadi Alochna
246 _aफनीश्वरनाथ रेनू और मार्क्सवादी आलोचना
260 _aDelhi:
_bAnanya Prakashan,
_c2023.
300 _a198p.
650 _aHindi
942 _cTEXL
_2CC
999 _c1429212
_d1429212